Papers. (Record no. 11733)

MARC details
000 -LEADER
fixed length control field 00937cam a22002651 4500
001 - CONTROL NUMBER
control field agr60000306
003 - CONTROL NUMBER IDENTIFIER
control field DLC
005 - DATE AND TIME OF LATEST TRANSACTION
control field 20260227111020.0
008 - FIXED-LENGTH DATA ELEMENTS--GENERAL INFORMATION
fixed length control field 780201s1959 dcu b 100 0 eng c
010 ## - LIBRARY OF CONGRESS CONTROL NUMBER
LC control number agr60000306
035 ## - SYSTEM CONTROL NUMBER
System control number (OCoLC)3595737
040 ## - CATALOGING SOURCE
Original cataloging agency U.S. Natl. Agr. Libr.
Transcribing agency NbU
Modifying agency DLC
042 ## - AUTHENTICATION CODE
Authentication code premarc
050 00 - LIBRARY OF CONGRESS CALL NUMBER
Classification number SF95
Item number .I645 1959
082 ## - DEWEY DECIMAL CLASSIFICATION NUMBER
Classification number 636.084
111 2# - MAIN ENTRY--MEETING NAME
Meeting name or jurisdiction name as entry element International Animal Feed Symposium
Number of part/section/meeting (1st :
Date of meeting or treaty signing 1959 :
Location of meeting Washington, D.C.)
245 00 - TITLE STATEMENT
Title Papers.
260 ## - PUBLICATION, DISTRIBUTION, ETC.
Place of publication, distribution, etc. [Washington,
Name of publisher, distributor, etc. Foreign Agricultural Service, U.S. Dept. of Agriculture,
Date of publication, distribution, etc. 1959]
300 ## - PHYSICAL DESCRIPTION
Extent 165 p.
Dimensions 24 cm.
500 ## - GENERAL NOTE
General note "Sponsored by the U.S. Department of Agriculture, Foreign Agricultural Service in cooperation with the Soybean Council of America, Inc."
504 ## - BIBLIOGRAPHY, ETC. NOTE
Bibliography, etc. note Includes bibliographies.
650 #0 - SUBJECT ADDED ENTRY--TOPICAL TERM
Topical term or geographic name entry element Feeds
Form subdivision Congresses.
710 1# - ADDED ENTRY--CORPORATE NAME
Corporate name or jurisdiction name as entry element United States.
Subordinate unit Foreign Agricultural Service
710 2# - ADDED ENTRY--CORPORATE NAME
Corporate name or jurisdiction name as entry element Soybean Council of America.

No items available.

Powered by Koha